Central Library OPAC University of Rajshahi

Progress in dielectrics / (Record no. 71867)

MARC details
000 -LEADER
fixed length control field 00628nas a2200229 a 4500
001 - CONTROL NUMBER
control field 71867
003 - CONTROL NUMBER IDENTIFIER
rucl marc code BD-RjUL
005 - DATE AND TIME OF LATEST TRANSACTION
control field 20211209082154.0
008 - FIXED-LENGTH DATA ELEMENTS--GENERAL INFORMATION
fixed length control field 170508s1959 enkar 0 00a0eng d
035 ## - SYSTEM CONTROL NUMBER
System control number (BD-RjUL)72083
040 ## - CATALOGING SOURCE
Original cataloging agency ANL
Language of cataloging eng
Modifying agency ANL
Transcribing agency BD-RjUL
041 ## - LANGUAGE CODE
Language code of text/sound track or separate title eng
082 00 - DEWEY DECIMAL CLASSIFICATION NUMBER
Edition number 23
Classification number 537.24
Author mark and year PRO 1959
245 10 - TITLE STATEMENT
Title Progress in dielectrics /
Statement of responsibility, etc. J. B. Birks and J. H. Schulman
260 ## - PUBLICATION, DISTRIBUTION, ETC. (IMPRINT)
Place of publication, distribution, etc. Londin :
Name of publisher, distributor, etc. Heywood,
Date of publication, distribution, etc. 1959
300 ## - PHYSICAL DESCRIPTION
Pagination v. :
Illustrations ill. ;
Size 25 cm.
505 ## - FORMATTED CONTENTS NOTE
Formatted contents note Vol. 1 -- V. 3 --
650 #0 - SUBJECT ADDED ENTRY--TOPICAL TERM
Topical term or geographic name as entry element Dielectrics
9 (RLIN) 119032
700 ## - ADDED ENTRY--PERSONAL NAME
Personal name Birks, J. B.
Personal name Schulman, J. H.
942 ## - ADDED ENTRY ELEMENTS (KOHA)
Source of classification or shelving scheme Dewey Decimal Classification
Koha item type Books
Holdings
Lost status Source of classification or shelving scheme Damaged status Not for loan Collection code Permanent Location Current Location Shelving location Date acquired Source of acquisition Cost, normal purchase price Total Checkouts Full call number Date last seen Copy number Koha item type
  Dewey Decimal Classification   Not For Loan Non-fiction Central Library, University of Rajshahi Central Library, University of Rajshahi Reading Room 15/07/1963 Zeithinger 70.00   537.24 PRO V-1 1959 08/05/2017 C-1 Books
  Dewey Decimal Classification   Not For Loan Non-fiction Central Library, University of Rajshahi Central Library, University of Rajshahi Reading Room 15/07/1964 Zeithinger 63.00   537.24 PRO V-3 1959 09/05/2017 C-1 Books